01923nam a2200409Ia 4500001001200000003000800012006001900020007001500039008004100054020001800095040002100113035002100134050002400155245010000179246004500279260004300324300001500367490007300382500006100455500016900516533015200685650003200837650004000869650005800909650005600967650003501023650005301058650005101111655002901162710001601191710004101207710007101248710001701319730003401336856012601370999001701496ebr10340915CaPaEBRm u cr cn|||||||||070921s2009 dcu s i000 0 eng d z9780821378571 aCaPaEBRcCaPaEBR a(OCoLC)52669725114aHE7601b.L58 2009eb04aThe little data book on information and communication technology.n2009h[electronic resource].30aInformation and communication technology aWashington, D.C. :bWorld Bank,c2009. avi, 230 p.0 aLittle data book on information and communication technology ;v2009 aIncludes information from: World development indicators. aIssued by the Development Data Group of the Development Economics Vice Presidency and the Global Information and Communication Technologies Dept. of the World Bank. aElectronic reproduction.bPalo Alto, Calif. :cebrary,d2013.nAvailable via World Wide Web.nAccess may be limited to ebrary affiliated libraries. 0aDigital dividevStatistics. 0aInformation technologyvStatistics. 0aInformation technologyxEconomic aspectsvStatistics. 0aInformation technologyxSocial aspectsvStatistics. 0aTelecommunicationvStatistics. 0aTelecommunicationxEconomic aspectsvStatistics. 0aTelecommunicationxSocial aspectsvStatistics. 7aElectronic books.2local2 aWorld Bank.2 aWorld Bank.bDevelopment Data Group.2 aWorld Bank.bGlobal Information & Communication Technologies Dept.2 aebrary, Inc.0 aWorld development indicators.40uhttp://site.ebrary.com/lib/rucke/Doc?id=10340915zAn electronic book accessible through the World Wide Web; click to view c46268d46268